Evanescence Albums Tile Select - Statistics

General Stats
  • This quiz has been taken 74 times
  • The average score is 24 of 27
Answer Stats
Question Tile Select % Correct
the following songs that are on Fallen (2003). Bring Me to Life Yes
100%
the following songs that are on Fallen (2003). Going Under Yes
100%
the following songs that are on Fallen (2003). Snow White Queen No
100%
the following songs that are on Fallen (2003). My Immortal Yes
98%
the following songs that are on Fallen (2003). All That I'm Living For No
96%
the following songs that are on Fallen (2003). Call Me When You're Sober No
94%
the following songs that are on Fallen (2003). Imaginary Yes
92%
the following songs that are on The Open Door (2006). Sweet Sacrifice Yes
92%
the following songs that are on The Open Door (2006). Whisper No
92%
the following songs that are on The Open Door (2006). Haunted No
91%
the following songs that are on The Open Door (2006). Lacrymosa Yes
91%
the following songs that are on Fallen (2003). Lithium No
91%
the following songs that are on The Open Door (2006). Taking Over Me No
91%
the following songs that are on Evanescence (2011). Use My Voice No
91%
the following songs that are on The Open Door (2006). Everybody's Fool No
89%
the following songs that are on Evanescence (2011). Part of Me No
87%
the following songs that are on Evanescence (2011). The Game Is Over No
87%
the following songs that are on Fallen (2003). My Last Breath Yes
85%
the following songs that are on The Open Door (2006). Weight of the World Yes
85%
the following songs that are on Evanescence (2011). Lost in Paradise Yes
83%
the following songs that are on Evanescence (2011). What You Want Yes
81%
the following songs that are on The Open Door (2006). Your Star Yes
81%
the following songs that are on Evanescence (2011). Erase This Yes
79%
the following songs that are on The Open Door (2006). Good Enough Yes
79%
the following songs that are on Evanescence (2011). My Heart Is Broken Yes
77%
the following songs that are on Evanescence (2011). Wasted on You No
72%
the following songs that are on Evanescence (2011). Never Go Back Yes
66%
No matching quizzes found
Score Distribution
Percent of People with Each Score
Percentile by Number Answered
Your Score History
You have not taken this quiz